Регионална библиотека "Любен Каравелов" - Русе

Приповетке (Запис номер 344315)

MARC детайли
000 -Лидер
Контролно поле с фиксирана дължина 01435nam a2200337 c 4500
003 - Код на организацията, давaща контролен номер
Контролно поле BLK
005 - Дата и час на последна редакция
Контролно поле 20191002153706.0
008 - Елементи от данни с фиксирана дължина
fixed length control field 180911b bul|||||r ||||||| ||bul||
010 ## - Наследен системен номер
LC control number 003980
040 ## - Източник на каталожния запис
Идентификатор на билиотеката - собственик на записа BLK
041 ## - Код за език
Код за езика на текст/звукозапис или на отделно заглавие Сръбски
Код за езика КДБФ Български
080 ## - УДК
Текстов определител УДК Лазаревич, Лаза
УДК определител 92
УДК - код + определител 886.1-3886.1(092)92
100 1# - Редна дума - Автор
Автор ЛАЗАРЕВИЧ, Л.
Авторска отговорност първи автор
R(LIN) 398226
245 00 - Сведения за заглавието
Заглавие Приповетке
246 ## - Различни форми на заглавието
Паралелно заглавие Св. 1
Наименование на поредна част от произведението епос-повести
260 ## - Област на издателските данни
Място на издаване, разпространение и проч. Београд
Име на издателя, разпространителя и проч. Држ. штамп.
Година на издаване 1898
300 ## - Физическа характеристика
Страници 187 с., 1 л
Илюстрации и др. портр.
Размери/Мащаб 19 см
380 ## - Жанр
Жанр Литературознание
490 ## - СЕРИИ (Колекции)
Име на серия Срп. кнь. задруга
490 ## - СЕРИИ (Колекции)
Име на серия Частна колекция - Академик Михаил Арнаудов
Бележки за серията Дарение - Основен фонд
500 ## - Общи забележки
Забележка Подчертавания в текста. - Датиране на книгата : 12. IV. 10 г. (с. 24)Два печата с текст : Народната библиотека - Ниш ; Павле София - гимназиален професор.;
650 ## - Допълнително описание по предмет – тема
Основно описание – тема или топоним Биографии
9 (RLIN) 148657
650 ## - Допълнително описание по предмет – тема
Основно описание – тема или топоним Писатели
9 (RLIN) 166332
653 ## - Ключова дума – ненормативна
Ключова дума епос
653 ## - Ключова дума – ненормативна
Ключова дума повести
655 ## - Ключова дума – жанр/разновидност
Данни за жанр/разновидност или ключова дума за фокус сръбска литература
700 1# - Други автори (авторска отговорност)
Лично име Л. К. Лазаревич
9 (RLIN) 398227
852 ## - Местоположение
Форматна сигнатура МА 1502
999 ## - СИСТЕМНИ КОНТРОЛНИ НОМЕРА
Koha biblionumber 344315
Koha biblioitemnumber 344315
942 ## - АРТИКУЛИ
Вид на библиотечния материал Книги
Скрит в OPAC Не
Периодичен библиозапис Да
944 ## - СЪЗДАВАНЕ И РЕДАКЦИЯ на ЗАПИСА
Създаване/Редакция Създаване
Дата на регистрацията/редакция 1996
Служител, извършил регистрацията/редакцията ValK
999 ## - СИСТЕМНИ КОНТРОЛНИ НОМЕРА
Koha biblioitemnumber 344315
Наличности
Код за отписване Код за изгубен артикул Източник на класификационната схема Код за повреда Коз за рестрикции Код за отдаване Артикулен № Име на библиотеката - собственик Име на библиотеката, в която се намира в момента Статус (Текущо местоположение) Местоположение - отдел Цена в лева Номерация (Хронология) Инвентарен номер Систематично азбучна сигнатура Баркод Номер на екземпляра Цена в евро Служебен тип на артикула
  Не е изгубен Universal Decimal Classification Не е повреден без рестрикции Специални фондове ( старопечатни, редки и ценни, фонд М. Арнаудов) 744715 Регионална библиотека "Любен Каравелов" Русе Регионална библиотека "Любен Каравелов" Русе Фонд "Михаил Арнаудов" Фонд "Михаил Арнаудов" 20.00   588770 МА 1502 120000588770 1 10.23 Книги
Vip Innovations Ltd, Rousse, Bulgaria 2025